000 005530000a22001810004500
090 _aAR
_b02465
245 1 0 _aAdditional notes on reproduction in the mexican vole, Microtus mexicanus
650 1 4 _aRoedores
_97408
650 1 4 _aReproducción animal
_987770
650 1 4 _aHábitat animal
_994646
651 4 _pMéxico
_992749
653 _gMicrotus
_eMicrotus mexicanus
041 0 _aInglés
700 1 _aJones, J. Knox
_99498
100 1 _aChoate, Jerry R.
_995976
942 _cARTICULO
773 1 _tSouthwestern Naturalist
_3458
_h3
_q351-357
_d1970
_g14
999 _c11532
_d11532